000 00582nam a2200193Ia 4500
005 20250923145246.0
008 008 250917s9999 xx 000 0 eng d
037 _aTextual
040 _aDSWL
_beng
_cDSWL
041 _aeng
_2eng
084 _aY35:7:7.56.56'N68t5, N69
_qDSWL
245 0 _aPeople and Planning
_cby Her Majestys Stationary Office
260 _aLondon
_bHer Majestys Stationary Office
_c1969
300 _aiv,32p.
365 _aINR
_b15
925 _g15
942 _cTEXL
_hY35:7:7.56.56'N68t5, N69
999 _c1449088
_d1449088